00456nam a2200181 a 4500001001300000003000900013005001700022008004100039020001000080082001300090100002700103245001900130260003100149300000900180500003500189650002300224700002700247nice12345678IN_TiNIC20260116011451.0070727s0000 agra grp 000 0 urd  ac10000a297bANW aAnwaruli, Haq Muhammad aHaqeaq-E-islam aAgra bNo Publisher c0000 a372p aincludes index and biblioraphy aIslam-Meccan Trade1 aAnwaruli, Haq Muhammad